Players of National Teams - Senegal - Statistics

General Stats
  • This quiz has been taken 3 times
  • The average score is 4 of 27
Answer Stats
Pos. Team Player % Correct
DM Everton FC Idrissa Gueye
100%
LW Al-Nassr Sadio Mané
100%
FW SS Lazio Boulaye Dia
50%
FW FC Metz Habib Diallo
50%
CB Al-Hilal Kalidou Koulibaly
50%
FW Bayern Munich Nicolas Jackson
50%
CB Maccabi Haifa Abdoulaye Seck
0%
CB OGC Nice Antoine Mendy
0%
LW Vancouver Whitecaps Cheikh Sabaly
0%
FW Samsunspor Cherif Ndiaye
0%
GK Al-Ahli SFC Edouard Mendy
0%
LB West Ham United El Hadji Malick Diouf
0%
CM Sunderland AFC Habib Diarra
0%
RW Paris Saint-Germain Ibrahim Mbaye
0%
RW Everton FC Iliman Ndiaye
0%
RW Crystal Palace Ismaïla Sarr
0%
LB Galatasaray Ismail Jakobs
0%
RM AS Monaco Krépin Diatta
0%
CM AS Monaco Lamine Camara
0%
DM Al-Ahli SC Mamadou Lamine Camara
0%
CB Chelsea FC Mamadou Sarr
0%
GK Le Havre AC Mory Diaw
0%
CB Olympique Lyon Moussa Niakhaté
0%
CM Villarreal CF Pape Gueye
0%
CM Tottenham Hotspur Pape Matar Sarr
0%
CM Rayo Vallecano Pathé Ciss
0%
GK OGC Nice Yehvann Diouf
0%
No matching quizzes found
Score Distribution
Percent of People with Each Score
Percentile by Number Answered
Your Score History
You have not taken this quiz